VALORANT - Weapon Penetration Quiz - Statistics

General Stats
  • This quiz has been taken 431 times
  • The average score is 12 of 17
Answer Stats
Hint Answer % Correct
Classic 1. Low
86%
Frenzy 1. Low
86%
Operator 3. High
86%
Shorty 1. Low
84%
Odin 3. High
84%
Stinger 1. Low
80%
Bulldog 2. Medium
80%
Phantom 2. Medium
75%
Guardian 3. High
75%
Bucky 1. Low
69%
Sheriff 3. High
69%
Judge 1. Low
64%
Spectre 1. Low
61%
Vandal 2. Medium
61%
Ares 3. High
60%
Marshal 2. Medium
57%
Ghost 2. Medium
39%
No matching quizzes found
Score Distribution
Percent of People with Each Score
Percentile by Number Answered
Your Score History
You have not taken this quiz